Investovanie do dlhopisov emerging markets: Investovanie do akcií (3/3)

Bibliographic Details
Main Author: Baláž, Vladimír (Author)
Format: Article
Language:Slovak
PhysicalDescription:Tab.
ISSN:1335-8235
Subjects:

MARC

LEADER 00000nab a2200000 a 4500
001 vtls010118526
003 SK-MaSNL
005 20260304155559.0
008 250507c2010 xo ||||||||||||00 b|slo
015 |a SNBRB2010/07  |2 snkbucl 
035 |a (uuid)8b02159b-839e-402b-bf29-8da99b810b09 
035 |a urn:nbn:sk:snk-ab1gwu 
035 |a (urnnbn)urn:nbn:sk:snk:ar-003pdn 
038 |a SNKBUCL 
040 |a SNKBUCL  |b slo  |c SNKBUCL  |e AACR2 
041 0 |a slo 
044 |a xo  |c SK 
080 |a 336.76-773  |2 2001 
100 1 |a Baláž, Vladimír  |4 aut  |9 6765 
245 1 0 |a Investovanie do dlhopisov  |b emerging markets: Investovanie do akcií  |n (3/3)  |c Vladimír Baláž 
300 |b Tab. 
500 |a Pokračovanie článku Podiel na trhovej kapitalizácii, uverejnenom v č. marec 2010 
650 0 7 |a rozvíjajúce sa trhy  |2 snkbucl  |9 75637 
773 0 |t Investor  |g Roč. XI., apríl (2010), s. 20-[23]  |x 1335-8235 
850 |a Slovenská národná knižnica 
852 |a Slovenská národná knižnica 
954 |a odborná, vedecká literatúra pôvodná (slovenská)  |2 lita 
958 |a article2022 
958 |a OND 
958 |a EUIPO 
999 |c 2963213  |d 2965143